000 00883cam a22001694a 4500
005 20250605163700.0
008 250528s ||||||||||||||||||||||||d
035 _a24215
040 _aGR-AtMCL
_bgre
_dGR-AtMCL
_eAACR2
245 1 _aΕκπαίδευση και Κατάρτιση
260 _bΔιοικητική Μονάδα 'Εκδόσεις'
_bΟπτικοακουστικός Τομέας, Πληροφόρηση, Επικοινωνία Και Πολιτιστικά Θέματα,
_c1991
300 _a6
520 _aΕπαγγελματική Κατάρτιση, Τριτοβάθμια Εκπαίδευση, Συνεχιζόμενη Κατάρτιση, Η Διδασκαλία Ξένων Γλωσσών, Εκπαίδευση, Νεότητα, Συνεργασία με τις Τρίτες Χώρες.
942 _cCR
999 _c9108
_d9108